[Event "St Petersburg-ch Seniors Blitz (Women)"]
[Site "St Petersburg"]
[Date "2022.10.05"]
[Round "11"]
[White "Shushpanova, Nina Aleksandro"]
[Black "Chernikova, Svetlana"]
[Result "1-0"]
[WhiteElo "1851"]
[BlackElo "1852"]
[PlyCount "55"]
[EventDate "2022.10.05"]
[EventType "swiss (blitz)"]
[EventRounds "11"]
[EventCountry "RUS"]
[SourceTitle "CBM 210 Extra"]
[Source "ChessBase"]
[SourceDate "2022.11.30"]
[SourceVersion "1"]
[SourceVersionDate "2022.11.30"]
[SourceQuality "1"]

1. e4 c5 2. Nf3 Nc6 3. d4 cxd4 4. Nxd4 g6 5. c4 Bg7 6. Be3 Nf6 7. Nc3 Ng4 8. Qxg4 Nxd4 9. Qd1 Ne6 10. Be2 0-0 11. 0-0 f5 12. exf5 gxf5 13. f4 Rb8 14. Bxa7 Ra8 15. Be3 Kh8 16. Qd2 Qe8 17. Nd5 d6 18. Nb6 Rb8 19. Nxc8 Qxc8 20. Rac1 Nc5 21. Bf3 Ne4 22. Bxe4 fxe4 23. Bd4 e5 24. fxe5 dxe5 25. Be3 Qe6 26. b3 Qg4 27. Qd1 Rxf1+ 28. Qxf1 1-0

[Event "St Petersburg-ch Seniors Rapid (Women)"]
[Site "St Petersburg"]
[Date "2022.10.04"]
[Round "9"]
[White "Ovsiannikova, Tatiana"]
[Black "Shushpanova, Nina Aleksandro"]
[Result "1-0"]
[WhiteElo "1918"]
[BlackElo "1905"]
[PlyCount "75"]
[EventDate "2022.10.03"]
[EventType "swiss (rapid)"]
[EventRounds "10"]
[EventCountry "RUS"]
[SourceTitle "EXT 2024"]
[Source "ChessBase"]
[SourceDate "2023.10.10"]
[SourceVersion "1"]
[SourceVersionDate "2023.10.10"]
[SourceQuality "1"]

1. e4 c5 2. Nc3 Nc6 3. Bc4 e6 4. d3 g6 5. a3 Bg7 6. Bb3 Nge7 7. Bg5 a6 8. Nge2 0-0 9. 0-0 Qc7 10. Qd2 Re8 11. f4 b5 12. e5 h6 13. Bh4 Nd4 14. Nxd4 cxd4 15. Ne4 Bb7 16. Nd6 Nf5 17. Nxe8 Rxe8 18. Bg3 a5 19. a4 b4 20. Rae1 Ne3 21. Rxe3 dxe3 22. Qxe3 d6 23. d4 dxe5 24. fxe5 Rd8 25. Rf2 Bd5 26. Bxd5 Rxd5 27. c4 bxc3 28. bxc3 Qc4 29. Qf3 Rd7 30. Qa8+ Kh7 31. Qxa5 Rc7 32. Rf3 h5 33. Bf4 Bh6 34. Bxh6 Kxh6 35. h3 Rb7 36. Kh2 h4 37. Qd8 g5 38. Qf8+ 1-0

[Event "St Petersburg-ch Seniors Rapid (Women)"]
[Site "St Petersburg"]
[Date "2022.10.04"]
[Round "6"]
[White "Shushpanova, Nina Aleksandro"]
[Black "Aseeva, Marina"]
[Result "0-1"]
[WhiteElo "1905"]
[BlackElo "2119"]
[PlyCount "38"]
[EventDate "2022.10.03"]
[EventType "swiss (rapid)"]
[EventRounds "10"]
[EventCountry "RUS"]
[SourceTitle "EXT 2024"]
[Source "ChessBase"]
[SourceDate "2023.10.10"]
[SourceVersion "1"]
[SourceVersionDate "2023.10.10"]
[SourceQuality "1"]

1. c4 e5 2. g3 Nf6 3. Bg2 d5 4. cxd5 Nxd5 5. Nc3 Nb6 6. Nf3 Nc6 7. 0-0 Be6 8. d3 Be7 9. Bd2 0-0 10. Rc1 Qd7 11. Re1 Rad8 12. Ne4 Bxa2 13. Nc5 Bxc5 14. Rxc5 Bd5 15. Bc3 f6 16. b4 Nd4 17. Nxd4 Bxg2 18. Kxg2 exd4 19. Bb2 Na4 0-1

[Event "RUS-ch Seniors (Women)"]
[Site "Odintsovo"]
[Date "2011.04.25"]
[Round "7"]
[White "Shushpanova, Nina Aleksandro"]
[Black "Lunkina, Yulia"]
[Result "1/2-1/2"]
[WhiteElo "1979"]
[BlackElo "1941"]
[PlyCount "61"]
[EventDate "2011.04.19"]
[EventType "swiss"]
[EventRounds "9"]
[EventCountry "RUS"]
[SourceTitle "CBM 142 Extra"]
[Source "ChessBase"]
[SourceDate "2011.06.27"]
[SourceVersion "1"]
[SourceVersionDate "2011.06.27"]
[SourceQuality "1"]

1. e4 e6 2. b3 d5 3. Bb2 dxe4 4. Nc3 Nf6 5. g4 e3 6. fxe3 e5 7. h3 Nd5 8. Nxd5 Qxd5 9. Qf3 Be6 10. Bg2 Qxf3 11. Bxf3 c6 12. Bxe5 Nd7 13. Bb2 f6 14. 0-0-0 0-0-0 15. Ne2 Kb8 16. Nf4 Bf7 17. d4 Bd6 18. Rhe1 Rhe8 19. Kb1 Re7 20. Ng2 Rde8 21. Re2 Bg6 22. Bc1 Be4 23. Bxe4 Rxe4 24. Rf2 Nf8 25. c4 c5 26. d5 Ng6 27. Kc2 Kc7 28. Rdf1 h6 29. Bd2 b6 30. Rf3 a6 31. R3f2 1/2-1/2

[Event "Wch Seniors (Women) 20th"]
[Site "Arco"]
[Date "2010.10.26"]
[Round "1"]
[White "Gaprindashvili, Nona"]
[Black "Shushpanova, Nina Aleksandro"]
[Result "1/2-1/2"]
[WhiteElo "2363"]
[BlackElo "1993"]
[PlyCount "125"]
[EventDate "2010.10.26"]
[EventType "swiss"]
[EventRounds "9"]
[EventCountry "ITA"]
[SourceTitle "EXT 2011"]
[Source "ChessBase"]
[SourceDate "2010.11.26"]
[SourceVersion "1"]
[SourceVersionDate "2010.11.26"]
[SourceQuality "1"]

1. d4 d6 2. c4 e5 3. Nf3 e4 4. Ng5 f5 5. Nc3 Nf6 6. h4 Nc6 7. e3 Ne7 8. Nh3 c6 9. d5 Ng6 10. h5 Ne5 11. Nf4 Be7 12. b3 Nfg4 13. Be2 0-0 14. Bb2 Bh4 15. g3 Bf6 16. Qd2 Re8 17. Kf1 c5 18. Kg2 a6 19. a4 Qb6 20. Qc2 Nd3 21. Nxd3 exd3 22. Bxd3 Rxe3 23. Rhe1 Rxe1 24. Rxe1 Ne5 25. Bf1 Bd7 26. Bc1 Re8 27. f4 Nf7 28. Rxe8+ Bxe8 29. Nd1 Bd7 30. Ne3 g6 31. hxg6 hxg6 32. g4 Bd4 33. gxf5 Bxe3 34. Bxe3 Bxf5 35. Bd3 Nh6 36. Bd2 Qd8 37. Bxf5 Nxf5 38. Qe4 Qf6 39. Qe2 Kf7 40. Be1 Nd4 41. Qg4 Qf5 42. Qh4 Qe4+ 43. Kh3 Qe7 44. Kg4 Qxh4+ 45. Bxh4 Nxb3 46. Be1 Nd4 47. Ba5 Nc2 48. Bc7 Ne3+ 49. Kg5 Nxc4 50. a5 Ne3 51. Bxd6 c4 52. Ba3 Nxd5 53. f5 gxf5 54. Kxf5 Ne7+ 55. Ke5 Nc6+ 56. Kd6 Nd4 57. Bb2 Nb3 58. Kc7 b5 59. Kb6 b4 60. Bh8 Ke6 61. Kxa6 c3 62. Kb5 c2 63. Bb2 1/2-1/2

[Event "St Petersburg White Nights op"]
[Site "St Petersburg"]
[Date "2010.06.21"]
[Round "6"]
[White "Shushpanova, Nina Aleksandro"]
[Black "Mylnikov, Mikhail"]
[Result "0-1"]
[WhiteElo "2038"]
[BlackElo "1740"]
[PlyCount "74"]
[EventDate "2010.06.16"]
[EventType "swiss"]
[EventRounds "9"]
[EventCountry "RUS"]
[SourceTitle "EXT 2011"]
[Source "ChessBase"]
[SourceDate "2010.11.26"]
[SourceVersion "1"]
[SourceVersionDate "2010.11.26"]
[SourceQuality "1"]

1. e4 c5 2. Nf3 e6 3. d4 cxd4 4. Nxd4 Nf6 5. Nc3 d6 6. g4 Nc6 7. g5 Nd7 8. Be3 Be7 9. h4 0-0 10. Qd2 Re8 11. 0-0-0 a6 12. Be2 Nxd4 13. Bxd4 b5 14. Rdf1 Bb7 15. Bd3 Nc5 16. f3 b4 17. Nd1 d5 18. Kb1 dxe4 19. Bxc5 Bxc5 20. fxe4 Bxe4 21. Qf4 Bxh1 22. Qxf7+ Kh8 23. Qh5 g6 24. Bxg6 Re7 25. Rxh1 Qd5 26. Rf1 Rg7 27. Bd3 Rf8 28. Rxf8+ Bxf8 29. Bxa6 Ra7 30. Ne3 Qd2 31. Qf3 Bg7 32. Bd3 b3 33. a3 bxc2+ 34. Nxc2 e5 35. Qh5 Bf8 36. Qe8 Qf4 37. h5 Re7 0-1

[Event "St Petersburg White Nights op"]
[Site "St Petersburg"]
[Date "2010.06.20"]
[Round "5"]
[White "Khatenever, Feliks"]
[Black "Shushpanova, Nina Aleksandro"]
[Result "1-0"]
[WhiteElo "1888"]
[BlackElo "2038"]
[PlyCount "91"]
[EventDate "2010.06.16"]
[EventType "swiss"]
[EventRounds "9"]
[EventCountry "RUS"]
[SourceTitle "EXT 2011"]
[Source "ChessBase"]
[SourceDate "2010.11.26"]
[SourceVersion "1"]
[SourceVersionDate "2010.11.26"]
[SourceQuality "1"]

1. d4 d6 2. g3 Nf6 3. Bg2 c6 4. Nf3 Bg4 5. Nbd2 e6 6. b3 Be7 7. Bb2 0-0 8. 0-0 Nbd7 9. c4 d5 10. Ne5 Bf5 11. Ndf3 Be4 12. Nxd7 Nxd7 13. Qd2 a5 14. Bc3 Re8 15. c5 Bf6 16. a3 Bxf3 17. Bxf3 e5 18. e3 exd4 19. Bxd4 Bxd4 20. exd4 Qf6 21. Kg2 Nf8 22. Rad1 Ne6 23. h4 a4 24. b4 Nc7 25. Be2 h6 26. Rfe1 Re4 27. Bd3 Rxe1 28. Qxe1 Kh8 29. Qe5 Qxe5 30. dxe5 g6 31. f4 Kg7 32. Re1 Ne6 33. Rc1 f6 34. Re1 Nd4 35. g4 f5 36. gxf5 gxf5 37. Kf2 Kf7 38. Ke3 Nb5 39. Bxb5 cxb5 40. Rg1 b6 41. Kd4 bxc5+ 42. bxc5 b4 43. axb4 a3 44. Kxd5 a2 45. Ra1 Rd8+ 46. Kc4 1-0

[Event "St Petersburg White Nights op"]
[Site "St Petersburg"]
[Date "2010.06.18"]
[Round "3"]
[White "Timirev, Sergey"]
[Black "Shushpanova, Nina Aleksandro"]
[Result "1-0"]
[WhiteElo "1933"]
[BlackElo "2038"]
[PlyCount "61"]
[EventDate "2010.06.16"]
[EventType "swiss"]
[EventRounds "9"]
[EventCountry "RUS"]
[SourceTitle "EXT 2011"]
[Source "ChessBase"]
[SourceDate "2010.11.26"]
[SourceVersion "1"]
[SourceVersionDate "2010.11.26"]
[SourceQuality "1"]

1. e4 c5 2. Nf3 g6 3. d4 cxd4 4. Nxd4 Bg7 5. Be3 Nf6 6. Nc3 Nc6 7. Nb3 0-0 8. Be2 d6 9. 0-0 a5 10. a4 Be6 11. f4 Qc8 12. h3 Nb4 13. Nd4 Bc4 14. Rf2 Bxe2 15. Qxe2 Nd7 16. Rd1 Ra6 17. Ndb5 Nb6 18. Bd4 Bxd4 19. Rxd4 Qc5 20. f5 Nc6 21. Rd1 Ne5 22. b3 Nc8 23. Kh1 Kg7 24. Nd5 h6 25. c4 e6 26. fxe6 fxe6 27. Rxf8 Kxf8 28. Qf1+ Kg8 29. Ndc7 Ne7 30. Nxe6 Qc6 31. Qf6 1-0

[Event "St Petersburg White Nights op"]
[Site "St Petersburg"]
[Date "2010.06.17"]
[Round "2"]
[White "Shushpanova, Nina Aleksandro"]
[Black "Kholova, Elena"]
[Result "1/2-1/2"]
[WhiteElo "2038"]
[BlackElo "1734"]
[PlyCount "128"]
[EventDate "2010.06.16"]
[EventType "swiss"]
[EventRounds "9"]
[EventCountry "RUS"]
[SourceTitle "EXT 2011"]
[Source "ChessBase"]
[SourceDate "2010.11.26"]
[SourceVersion "1"]
[SourceVersionDate "2010.11.26"]
[SourceQuality "1"]

1. e4 c6 2. d4 d5 3. exd5 cxd5 4. Bd3 Nc6 5. c3 g6 6. Bf4 Bg7 7. Nd2 e5 8. dxe5 Nxe5 9. Qe2 Qe7 10. Bb5+ Nc6 11. Nb3 a6 12. Bxc6+ bxc6 13. Bd6 Qxe2+ 14. Nxe2 Ne7 15. 0-0 Nf5 16. Bc5 Be6 17. Rfe1 Kd7 18. Nf4 Bf8 19. Bxf8 Rhxf8 20. Nc5+ Kd6 21. Ncxe6 fxe6 22. Nxe6 Rfe8 23. Ng5 h5 24. Kf1 d4 25. Rxe8 Rxe8 26. cxd4 Nxd4 27. Re1 Rxe1+ 28. Kxe1 Kd5 29. Kd2 c5 30. f3 Nf5 31. g3 a5 32. b3 Nd4 33. Kd3 Nc6 34. Kc3 Nd4 35. f4 Ne2+ 36. Kd2 Nd4 37. Kd3 Nc6 38. a3 Nd4 39. Kc3 Ne2+ 40. Kc2 Nd4+ 41. Kb2 Ne2 42. Nf3 Ke4 43. Nd2+ Kd5 44. Nc4 h4 45. gxh4 Nxf4 46. Nxa5 Ng2 47. Nc4 Nxh4 48. a4 Nf3 49. Ne3+ Kc6 50. Ng4 g5 51. Kc3 Kd5 52. a5 Kc6 53. Kc4 Nd2+ 54. Kc3 Ne4+ 55. Kd3 Nd6 56. Ne5+ Kb5 57. Nc4 Nb7 58. Ke4 Nxa5 59. Nxa5 Kxa5 60. Kd5 Kb4 61. h3 Kb5 62. Kd6 Kb6 63. Kd5 Kb5 64. Kd6 Kb6 1/2-1/2

[Event "Wch Seniors (Women) 19th"]
[Site "Condino"]
[Date "2009.11.06"]
[Round "8"]
[White "Shushpanova, Nina Aleksandro"]
[Black "Bogumil, Tatiana"]
[Result "1/2-1/2"]
[WhiteElo "1955"]
[BlackElo "2165"]
[PlyCount "29"]
[EventDate "2009.10.27"]
[EventType "swiss"]
[EventRounds "9"]
[EventCountry "ITA"]
[SourceTitle "EXT 2010"]
[Source "ChessBase"]
[SourceDate "2010.11.25"]
[SourceVersion "1"]
[SourceVersionDate "2010.11.25"]
[SourceQuality "1"]

1. e4 d5 2. exd5 Qxd5 3. Nc3 Qd6 4. d4 c6 5. Bc4 Nf6 6. Nge2 g6 7. a3 Be6 8. Bf4 Qd7 9. Bd3 Bg7 10. 0-0 0-0 11. Be5 Ng4 12. Bxg7 Kxg7 13. h3 Nf6 14. Ne4 Nxe4 15. Bxe4 1/2-1/2

[Event "Wch Seniors (Women) 19th"]
[Site "Condino"]
[Date "2009.11.03"]
[Round "6"]
[White "Dotan, Valeria"]
[Black "Shushpanova, Nina Aleksandro"]
[Result "0-1"]
[WhiteElo "2115"]
[BlackElo "1955"]
[PlyCount "101"]
[EventDate "2009.10.27"]
[EventType "swiss"]
[EventRounds "9"]
[EventCountry "ITA"]
[SourceTitle "EXT 2010"]
[Source "ChessBase"]
[SourceDate "2010.11.25"]
[SourceVersion "1"]
[SourceVersionDate "2010.11.25"]
[SourceQuality "1"]

1. d4 d6 2. Nf3 Bg4 3. e4 Nf6 4. Bd3 c6 5. h3 Bh5 6. 0-0 e6 7. Re1 Be7 8. c4 d5 9. e5 Nfd7 10. b3 0-0 11. Bb2 dxc4 12. bxc4 Qb6 13. Bc3 Qd8 14. Nbd2 Na6 15. Rb1 Rb8 16. Rb3 Ndc5 17. Be4 Nxb3 18. Qxb3 Bg6 19. Rd1 Nc7 20. Bxg6 hxg6 21. Ne4 b5 22. Ba5 bxc4 23. Qxc4 Qd5 24. Qa4 Qxe4 25. Bxc7 Rb1 26. Rxb1 Qxb1+ 27. Kh2 Qb7 28. Bd6 Bxd6 29. exd6 Qd7 30. g3 Qxd6 31. Qxa7 Qd5 32. Qa3 c5 33. dxc5 Ra8 34. Qe3 Rxa2 35. g4 Rc2 36. c6 Qxc6 37. Kg3 Qc5 38. Qxc5 Rxc5 39. Nd2 f5 40. f4 Rc3+ 41. Nf3 Kf7 42. Kg2 fxg4 43. hxg4 Kf6 44. Ng5 Ra3 45. Nf3 Ra5 46. Kg3 g5 47. Nxg5 Rxg5 48. fxg5+ Kxg5 49. Kf3 Kh4 50. Kf4 g5+ 51. Kf3 0-1

[Event "RUS-ch Seniors (Women)"]
[Site "Lesnoj Gorodok"]
[Date "2009.10.08"]
[Round "6"]
[White "Malinicheva, Lidia"]
[Black "Shushpanova, Nina Aleksandro"]
[Result "1-0"]
[WhiteElo "2024"]
[BlackElo "1980"]
[PlyCount "94"]
[EventDate "2009.10.03"]
[EventType "swiss"]
[EventRounds "9"]
[EventCountry "RUS"]
[SourceTitle "CBM 132 Extra"]
[Source "ChessBase"]
[SourceDate "2009.11.03"]
[SourceVersion "1"]
[SourceVersionDate "2009.11.03"]
[SourceQuality "1"]

1. e4 c5 2. Nf3 Nf6 3. Nc3 Nc6 4. Bb5 Qc7 5. 0-0 e5 6. a4 Be7 7. d3 0-0 8. Bg5 d6 9. Bxf6 Bxf6 10. Nd5 Qd8 11. c3 g6 12. Qd2 Bg7 13. b4 cxb4 14. cxb4 Be6 15. Bc4 Ne7 16. Qa2 Bg4 17. Ne1 Nxd5 18. Bxd5 Qe7 19. h3 Be6 20. Nc2 Rac8 21. Ne3 Bh6 22. Rfe1 Rc7 23. Bxe6 fxe6 24. Nc4 a6 25. b5 Rc5 26. bxa6 bxa6 27. Rab1 Qc7 28. Rb2 Rb8 29. Reb1 Rxb2 30. Qxb2 Bf8 31. Qb8 d5 32. exd5 exd5 33. Qxc7 Rxc7 34. Nxe5 Bh6 35. Rb8+ Kg7 36. g3 Bd2 37. Kg2 Bc3 38. Ng4 h5 39. Ne3 d4 40. Nc4 Rc6 41. Rb7+ Kf6 42. g4 hxg4 43. hxg4 Re6 44. f4 Rc6 45. Ne5 Rd6 46. Kf3 g5 47. Nc4 gxf4 1-0

[Event "RUS-ch Seniors (Women)"]
[Site "Lesnoj Gorodok"]
[Date "2009.10.05"]
[Round "3"]
[White "Shushpanova, Nina Aleksandro"]
[Black "Katzkova, Olga"]
[Result "1/2-1/2"]
[WhiteElo "1980"]
[BlackElo "2083"]
[PlyCount "33"]
[EventDate "2009.10.03"]
[EventType "swiss"]
[EventRounds "9"]
[EventCountry "RUS"]
[SourceTitle "CBM 132 Extra"]
[Source "ChessBase"]
[SourceDate "2009.11.03"]
[SourceVersion "1"]
[SourceVersionDate "2009.11.03"]
[SourceQuality "1"]

1. e4 e5 2. Nf3 Nc6 3. Bb5 d6 4. d4 exd4 5. Nxd4 Bd7 6. Nc3 Nf6 7. 0-0 Be7 8. Nxc6 bxc6 9. Bd3 0-0 10. Bf4 Re8 11. Re1 Rb8 12. Rb1 Bf8 13. e5 dxe5 14. Rxe5 Bd6 15. Rxe8+ Qxe8 16. Bxd6 cxd6 17. Qe2 1/2-1/2

[Event "St Petersburg Nov op"]
[Site "St Petersburg"]
[Date "2008.11.05"]
[Round "5"]
[White "Eltsov, Valery"]
[Black "Shushpanova, Nina Aleksandro"]
[Result "1/2-1/2"]
[WhiteElo "2077"]
[BlackElo "1985"]
[PlyCount "49"]
[EventDate "2008.11.01"]
[EventType "swiss"]
[EventRounds "9"]
[EventCountry "RUS"]
[SourceTitle "EXT 2010"]
[Source "ChessBase"]
[SourceDate "2010.11.25"]
[SourceVersion "1"]
[SourceVersionDate "2010.11.25"]
[SourceQuality "1"]

1. e4 c5 2. Nf3 Nc6 3. d4 cxd4 4. Nxd4 g6 5. c4 Bg7 6. Nc2 Nf6 7. Nc3 0-0 8. Be2 d6 9. Be3 Be6 10. Nd4 Nxd4 11. Bxd4 Qa5 12. Qd2 Rfc8 13. Bxf6 Bxf6 14. Nd5 Qxd2+ 15. Kxd2 Bxd5 16. exd5 b5 17. cxb5 Rc5 18. Rab1 Rxd5+ 19. Bd3 Rc8 20. g3 Rc4 21. Ke2 Re5+ 22. Kf3 Rd4 23. Rhd1 Red5 24. Ke2 Re5+ 25. Kf3 1/2-1/2

[Event "St Petersburg Nov op"]
[Site "St Petersburg"]
[Date "2008.11.01"]
[Round "1"]
[White "Shushpanova, Nina Aleksandro"]
[Black "Korchagina, Victoria"]
[Result "0-1"]
[WhiteElo "1985"]
[BlackElo "2176"]
[PlyCount "82"]
[EventDate "2008.11.01"]
[EventType "swiss"]
[EventRounds "9"]
[EventCountry "RUS"]
[SourceTitle "EXT 2010"]
[Source "ChessBase"]
[SourceDate "2010.11.25"]
[SourceVersion "1"]
[SourceVersionDate "2010.11.25"]
[SourceQuality "1"]

1. e4 c5 2. Nf3 d6 3. d4 cxd4 4. Nxd4 Nf6 5. f3 e5 6. Nb3 Be6 7. Nc3 a6 8. Be3 Be7 9. Qd2 0-0 10. 0-0-0 Qc7 11. g4 Nbd7 12. g5 Nh5 13. Nd5 Bxd5 14. Qxd5 Rfc8 15. Rd2 a5 16. a4 Nb6 17. Qb5 Nc4 18. Bxc4 Qxc4 19. Kb1 Qxb5 20. axb5 a4 21. Nc1 a3 22. b3 f6 23. h4 f5 24. exf5 Ng3 25. Rhd1 Nxf5 26. Bf2 Bd8 27. c4 Ba5 28. Rd3 Bb4 29. Ka2 Bc5 30. Be1 Bd4 31. Ne2 d5 32. Nxd4 Nxd4 33. Rc1 dxc4 34. Rxc4 Nxb5 35. Bg3 Nd4 36. Bxe5 Nc6 37. Rdc3 Re8 38. Bd6 Re6 39. Bf4 Re2+ 40. Rc2 Rxc2+ 41. Rxc2 Nb4+ 0-1

[Event "RUS-ch Seniors (Women)"]
[Site "Odintsovo"]
[Date "2008.10.06"]
[Round "4"]
[White "Shushpanova, Nina Aleksandro"]
[Black "Fatalibekova, Elena"]
[Result "0-1"]
[WhiteElo "1985"]
[BlackElo "2283"]
[PlyCount "27"]
[EventDate "2008.10.02"]
[EventType "swiss"]
[EventRounds "9"]
[EventCountry "RUS"]
[SourceTitle "CBM 127 Extra"]
[Source "ChessBase"]
[SourceDate "2009.01.08"]
[SourceVersion "2"]
[SourceVersionDate "2009.01.28"]
[SourceQuality "1"]

1. e4 c5 2. Nf3 Nc6 3. d4 cxd4 4. Nxd4 g6 5. Nxc6 bxc6 6. Qd4 Nf6 7. e5 Nd5 8. e6 Nf6 9. exf7+ Kxf7 10. Bc4+ d5 11. Bb3 Bg7 12. 0-0 Re8 13. c4 e5 14. Qh4 0-1

[Event "RUS-ch Seniors (Women)"]
[Site "Odintsovo"]
[Date "2008.10.03"]
[Round "2"]
[White "Katzkova, Olga"]
[Black "Shushpanova, Nina Aleksandro"]
[Result "1/2-1/2"]
[WhiteElo "2067"]
[BlackElo "1985"]
[PlyCount "47"]
[EventDate "2008.10.02"]
[EventType "swiss"]
[EventRounds "9"]
[EventCountry "RUS"]
[SourceTitle "CBM 127 Extra"]
[Source "ChessBase"]
[SourceDate "2009.01.08"]
[SourceVersion "2"]
[SourceVersionDate "2009.01.28"]
[SourceQuality "1"]

1. e4 c5 2. c3 Nf6 3. e5 Nd5 4. Bc4 Nb6 5. Bb3 c4 6. Bc2 Nc6 7. Nf3 d6 8. exd6 Qxd6 9. 0-0 Bg4 10. d4 cxd3 11. Bxd3 0-0-0 12. Be2 Qxd1 13. Rxd1 Rxd1+ 14. Bxd1 e5 15. Nbd2 Be7 16. Bb3 f6 17. h3 Bf5 18. Nc4 Nxc4 19. Bxc4 Rd8 20. Be3 Bd3 21. Bxd3 Rxd3 22. Kf1 b6 23. Ke2 Rd7 24. Rd1 1/2-1/2

[Event "St Petersburg Rudenko Memorial (Women)"]
[Site "St Petersburg"]
[Date "2008.09.01"]
[Round "7"]
[White "Volkova, Svetlana"]
[Black "Shushpanova, Nina Aleksandro"]
[Result "1/2-1/2"]
[WhiteElo "2012"]
[BlackElo "2001"]
[PlyCount "63"]
[EventDate "2008.08.26"]
[EventType "swiss"]
[EventRounds "9"]
[EventCountry "RUS"]
[SourceTitle "EXT 2010"]
[Source "ChessBase"]
[SourceDate "2010.11.25"]
[SourceVersion "1"]
[SourceVersionDate "2010.11.25"]
[SourceQuality "1"]

1. e4 c5 2. c3 Nf6 3. e5 Nd5 4. d4 cxd4 5. Qxd4 e6 6. Nf3 Nc6 7. Qe4 f5 8. exf6 Nxf6 9. Qh4 Be7 10. Bg5 Qb6 11. b3 d5 12. Bd3 Bd7 13. Bg6+ Kd8 14. 0-0 Rf8 15. Bc2 h6 16. Be3 Qc7 17. Qg3 Qxg3 18. hxg3 Ng4 19. Bd4 e5 20. Be3 Nxe3 21. fxe3 e4 22. Nd4 Rxf1+ 23. Kxf1 Nxd4 24. exd4 Bd6 25. c4 Bxg3 26. Nc3 dxc4 27. bxc4 Be6 28. d5 Be5 29. dxe6 Bxc3 30. Rd1+ Ke7 31. Bxe4 Rf8+ 32. Ke2 1/2-1/2

[Event "St Petersburg Rudenko Memorial (Women)"]
[Site "St Petersburg"]
[Date "2008.08.31"]
[Round "6"]
[White "Shushpanova, Nina Aleksandro"]
[Black "Butuc, Maria"]
[Result "0-1"]
[WhiteElo "2001"]
[BlackElo "2188"]
[PlyCount "120"]
[EventDate "2008.08.26"]
[EventType "swiss"]
[EventRounds "9"]
[EventCountry "RUS"]
[SourceTitle "EXT 2010"]
[Source "ChessBase"]
[SourceDate "2010.11.25"]
[SourceVersion "1"]
[SourceVersionDate "2010.11.25"]
[SourceQuality "1"]

1. e4 c6 2. d3 d5 3. Nd2 g6 4. Ngf3 Bg7 5. Be2 e5 6. 0-0 Ne7 7. b3 0-0 8. Bb2 d4 9. Nc4 Qc7 10. a4 b5 11. Ncd2 a6 12. Ne1 Bb7 13. g3 c5 14. f4 exf4 15. gxf4 Bh6 16. Ng2 f5 17. Qe1 Nbc6 18. Qh4 Bg7 19. Nf3 Qd7 20. Nd2 Nb4 21. Rfc1 Bc6 22. Qg3 bxa4 23. Nc4 Rab8 24. e5 axb3 25. cxb3 Qd5 26. Ba3 Qxg2+ 27. Qxg2 Bxg2 28. Kxg2 Ned5 29. Kf3 Bh6 30. Nd6 Nxf4 31. Rxc5 Nfxd3 32. Bxb4 Nxb4 33. Bc4+ Kh8 34. Rc7 Bg7 35. e6 d3 36. Rd1 Be5 37. Nf7+ Rxf7 38. Rxf7 Bxh2 39. e7 Bd6 40. Bxd3 Nc6 41. Bc4 Ne5+ 42. Ke2 Nxf7 43. Bxf7 Bxe7 44. Rd7 Bb4 45. Kf3 Kg7 46. Bc4+ Kf6 47. Bxa6 g5 48. Bc4 Kg6 49. Bf7+ Kf6 50. Bc4 h5 51. Rd5 Re8 52. Rb5 Bd6 53. Bd3 g4+ 54. Kg2 Be5 55. Rb7 h4 56. b4 h3+ 57. Kh1 g3 58. Bf1 g2+ 59. Bxg2 hxg2+ 60. Kxg2 Rb8 0-1

[Event "Soukhumi op"]
[Site "Soukhumi"]
[Date "2007.08.10"]
[Round "7"]
[White "Bronnikov, Konstantin Alexandr"]
[Black "Shushpanova, Nina Aleksandro"]
[Result "1-0"]
[WhiteElo "2198"]
[BlackElo "2017"]
[PlyCount "35"]
[EventDate "2007.08.03"]
[EventType "swiss"]
[EventRounds "9"]
[EventCountry "RUS"]
[SourceTitle "EXT 2009"]
[Source "ChessBase"]
[SourceDate "2008.11.26"]
[SourceVersion "1"]
[SourceVersionDate "2008.11.26"]
[SourceQuality "1"]

1. e4 c5 2. Nf3 e6 3. d4 cxd4 4. Nxd4 Nf6 5. Bd3 Nc6 6. Nxc6 dxc6 7. 0-0 e5 8. Nd2 Qc7 9. Nc4 Be6 10. Qe2 Bc5 11. Kh1 b5 12. Ne3 0-0 13. a4 bxa4 14. Nf5 Bxf5 15. exf5 Nd5 16. Qe4 Rad8 17. f6 g6 18. Qh4 1-0

[Event "St Petersburg Rudenko Memorial (Women)"]
[Site "St Petersburg"]
[Date "2006.09.27"]
[Round "2"]
[White "Shushpanova, Nina Aleksandro"]
[Black "Ertel, Tatiana"]
[Result "1/2-1/2"]
[WhiteElo "2069"]
[BlackElo "1970"]
[PlyCount "48"]
[EventDate "2006.08.26"]
[EventType "swiss"]
[EventRounds "9"]
[EventCountry "RUS"]
[SourceTitle "CBM 113 Extra"]
[Source "ChessBase"]
[SourceDate "2006.09.14"]
[SourceVersion "1"]
[SourceVersionDate "2006.09.14"]
[SourceQuality "1"]

1. d4 d5 2. c4 e5 3. dxe5 d4 4. Nf3 Nc6 5. Bg5 Be7 6. Bxe7 Ngxe7 7. Nbd2 Bg4 8. h3 Bxf3 9. Nxf3 Ng6 10. Qb3 0-0 11. 0-0-0 Ngxe5 12. e3 Nxf3 13. gxf3 Qf6 14. f4 dxe3 15. fxe3 Qe6 16. Rg1 Rfe8 17. Rg3 Rad8 18. Rd5 Ne7 19. Qc3 f6 20. Rxd8 Rxd8 21. c5 Qd7 22. Bc4+ Kh8 23. Bb3 Nf5 24. Rg2 Qe7 1/2-1/2